000 00628nam a2200217 a 4500
001 000030825
003 OSt
005 20201006141322.0
008 110531s1936 dr 000 0 spa d
040 _aDO-SdBNP
_bspa
_cBNPHU
082 _a179.8
_bV335a
100 1 _aVasquez, Suarez
_957373
245 1 3 _aLa avaricia y la usura /
_cSuarez Vasquez.
260 _aSantiago de los Caballeros, República Dominicana :
_bTavares,
_c1936.
300 _a32 p. ;
_c23 cm.
590 _aInventariado, 2019/VM
650 4 _aAvaricia
_976768
650 4 _aUsura
_930705
910 _aValidado. Control de calidad MFF
942 _2ddc
_cLF1
999 _c30317
_d30317